ბათუმის შოთა რუსთაველის სახელმწიფო უნივერსიტეტის ბიბლიოთეკა

The European Union in Africa : (ბიბ.ჩანაწერი № 53731)

000 -LEADER
fixed length control field 01198nam a2200241Ia 4500
001 - CONTROL NUMBER
control field 20779
003 - CONTROL NUMBER IDENTIFIER
control field GE_BSU
005 - DATE AND TIME OF LATEST TRANSACTION
control field 20221114105815.0
008 - FIXED-LENGTH DATA ELEMENTS--GENERAL INFORMATION
fixed length control field 181216s2013||||enk|||||||||||||| ||eng||
020 ## - INTERNATIONAL STANDARD BOOK NUMBER
International Standard Book Number 9780719083464x
040 ## - CATALOGING SOURCE
Transcribing agency GE_BSU
041 ## - LANGUAGE CODE
Language code of text/sound track or separate title geo
080 ## - UNIVERSAL DECIMAL CLASSIFICATION NUMBER
Universal Decimal Classification number 32.12 C-11
245 #4 - TITLE STATEMENT
Title The European Union in Africa :
Remainder of title Incoherent policies, asymmetrical partnership, declining relevance? /
Statement of responsibility, etc. Maurizio Carbone.
264 ## - PRODUCTION, PUBLICATION, DISTRIBUTION, MANUFACTURE, AND COPYRIGHT NOTICE
Place of production, publication, distribution, manufacture New York :
Name of producer, publisher, distributor, manufacturer Manchester University Press,
Date of production, publication, distribution, manufacture, or copyright notice 2013.
300 ## - PHYSICAL DESCRIPTION
Extent 330 p. ;
Dimensions 24 cm.
500 ## - GENERAL NOTE
General note Index. : p. 325-330
653 ## - INDEX TERM--UNCONTROLLED
keyword The European Union in Africa : Incoherent policies, asymmetrical partnership, declining relevance?
653 ## - INDEX TERM--UNCONTROLLED
keyword Европейский союз в Африке : несогласованная политика, асимметричное партнерство, снижается актуальность?
653 ## - INDEX TERM--UNCONTROLLED
keyword ევროკავშირი აფრიკაში : არაკომერციული პოლიტიკა, ასიმეტრიული პარტნიორობა, მცირდება შესაბამისობა?
942 ## - ADDED ENTRY ELEMENTS (KOHA)
Koha item type წიგნი
Source of classification or shelving scheme
ეგზემპლარები
Withdrawn status Lost status Source of classification or shelving scheme Damaged status Not for loan Permanent Location Current Location Shelving location Date acquired Cost, normal purchase price Full call number Barcode Date last seen Copy number Price effective from Koha item type Public note
          ბათუმის შოთა რუსთაველის სახელმწიფო უნივერსიტეტის მთავარი ბიბლიოთეკა ბათუმის შოთა რუსთაველის სახელმწიფო უნივერსიტეტის მთავარი ბიბლიოთეკა წიგნსაცავი 2018-12-17 123.00 32.12 C-11 54128 2018-12-17 54128 2018-12-17 წიგნი 123.00 GEL.